000 00501nam a2200157Ia 4500
008 160316s2003 xxu||||| |||| 00| 0 eng d
082 _a923.500000
_bRAM
100 _aRamachandra C M
245 _aThe great festival of cash and its crash : The saga of a super conman of the century
250 _a
260 _aBangalore
_bC M Ramachandra
_c2003
300 _a92p
_b
_cxi
365 _bRs.100
650 _a1. Biography - Gopal Rao - Mysore State 2. Biography - Dharmathma - Mysore
700 _a
_a
999 _c20304
_d20304